Real Madrid best XI of all time - Statistics

General Stats
  • This quiz has been taken 62 times
  • The average score is 12 of 15
Answer Stats
Hint Answer % Correct
LW Cristiano Ronaldo
98%
CB Ramos
96%
GK Casillas
94%
Sub Ronaldo
94%
CM Modric
93%
ST Benzema
91%
LB Marcelo
91%
Sub Kroos
83%
RW Bale
81%
Sub Pepe
78%
ST Raul
78%
RB Carvajal
76%
CM Zidane
76%
Sub Roberto Carlos
63%
CB Fernando Hiero
2%
No matching quizzes found
Score Distribution
Percent of People with Each Score
Percentile by Number Answered
Your Score History
You have not taken this quiz